| 000 | 00604 a2200229 4500 | ||
|---|---|---|---|
| 001 | 001068 | ||
| 003 | OSt | ||
| 005 | 20211007122450.0 | ||
| 008 | |||
| 020 | _a0321795431 | ||
| 040 | _cCURAJ | ||
| 082 |
_a519.5 _bH67I |
||
| 100 | 1 | _aHogg, Robert V. | |
| 245 | 1 |
_aIntroduction to mathematical statistics _cby Robert V. Hogg, Joseph W. Mckean and Allen T. Craig |
|
| 250 | _a6th ed. | ||
| 260 |
_aNew Delhi _bPearson _c2008 |
||
| 300 | _a718p. | ||
| 690 | _aMathematical statistics | ||
| 700 | _aMckean, Joseph W. | ||
| 700 | _aCraig, Allen T. | ||
| 942 |
_2ddc _cBK |
||
| 999 |
_c23 _d23 |
||